Normal view
MARC view
- Movida, Cherish Desiree A.
Entry Personal Name
001 - CONTROL NUMBER
- control field: 65394
003 - CONTROL NUMBER IDENTIFIER
- control field: OSt
005 - DATE AND TIME OF LATEST TRANSACTION
- control field: 20250217134727.0
008 - FIXED-LENGTH DATA ELEMENTS
- fixed length control field: 250217|| aca||aabn | a|a d
040 ## - CATALOGING SOURCE
- Original cataloging agency: OSt
100 ## - HEADING--PERSONAL NAME
- Personal name: Movida, Cherish Desiree A.
